000 00315nam a2200133Ia 4500
008 240624s9999 xx 000 0 und d
041 _aeng
082 _a344.01 TAX
100 _aTAXMANN
245 _aTAXMANN S LABOUR LAWS
260 _c2008
_aNew Delhi
_bTaxmann
300 _a579 : p. : cm. ; 24
365 _cRS
_b25
999 _c8929
_d8929